000 00524 a2200169 4500
005 20250623113856.0
020 _a0-13-148146-0
082 _aLM 515.353 EDW
100 _aEDWARDS, C. H.
245 _aDifferential Equations and Linear Algebra
250 _a2nd Ed.
260 _aNew Jersey,
_bPearson & Prentice Hall,
_c1975.
300 _axv,759p.Ill.; figure & table.
_bIndex
_c26cm.
700 _aPENNY, D.
856 _yAccess Online Book
_fDifferential Equations and Linear Algebra
_dwww.prenhall.com
942 _2ddc
_cBKS
999 _c3445
_d3445